| 000 | 00431 a2200169 4500 | ||
|---|---|---|---|
| 001 | 066502 | ||
| 003 | OSt | ||
| 005 | 20210930160012.0 | ||
| 008 | |||
| 082 |
_a891.44 _bM27R |
||
| 100 | 1 | _aMahasweta Devi | |
| 245 | 1 |
_aRudali _cby Mahasweta Devi |
|
| 260 |
_aCalcutta _bSeagull Books _c2008 |
||
| 300 | _a197p. | ||
| 690 | _aShort stories, Bengali; Bengali fiction; Hindi drama | ||
| 942 |
_2ddc _cBK |
||
| 999 |
_c550 _d550 |
||